|
|
|
|
| LEADER |
01432nam a22003017a 4500 |
| 001 |
37544 |
| 003 |
BD-DhAAL |
| 008 |
211004t2019 sz s 001 0 eng d |
| 999 |
|
|
|c 42272
|d 42272
|
| 020 |
|
|
|a 9783030281113
|
| 040 |
|
|
|a BD-DhAAL
|
| 082 |
|
|
|a 378
|2 23
|
| 100 |
|
|
|a Unkule, Kalyani.
|9 42133
|
| 245 |
|
|
|a Internationalising the university :
|b a spiritual approach /
|c Kalyani Unkule.
|
| 260 |
|
|
|a Cham :
|b Palgrave Macmillan,
|c c2019
|
| 300 |
|
|
|a x, 154 pages ;
|c 22 cm.
|
| 490 |
|
|
|a Spirituality, Religion, and Education
|
| 504 |
|
|
|a Includes bibliographical references and index.
|
| 526 |
|
|
|a AAL
|
| 541 |
|
|
|a Trim Education
|e 37544, 37545
|
| 650 |
|
|
|a Education, Higher
|x Religious aspects.
|9 42134
|
| 650 |
|
|
|a Education, Higher
|x Aims and objectives.
|9 42135
|
| 650 |
|
|
|a Social sciences.
|9 42136
|
| 830 |
|
|
|a Spirituality, Religion, and Education.
|9 42137
|
| 852 |
|
|
|a Ayesha Abed Library
|c General Stacks
|
| 942 |
|
|
|2 ddc
|c BK
|
| 952 |
|
|
|0 0
|1 0
|2 ddc
|4 0
|6 378_000000000000000_UNK
|7 0
|9 69377
|a BRACUL
|b BRACUL
|c GEN
|d 2021-09-13
|e Trim Education
|g 4990.00
|l 1
|o 378 UNK
|p 3010037544
|r 2022-08-01
|s 2022-08-01
|t 1
|v 4990.00
|w 2021-09-13
|y BK
|x Received during the COVID -19 outbreak vacation
|
| 952 |
|
|
|0 0
|1 0
|2 ddc
|4 0
|6 378_000000000000000_UNK
|7 0
|9 69378
|a BRACUL
|b BRACUL
|c GEN
|d 2021-09-13
|e Trim Education
|g 4990.00
|l 1
|m 16
|o 378 UNK
|p 3010037545
|r 2023-09-10
|s 2023-05-30
|t 2
|v 4990.00
|w 2021-09-13
|y BK
|x Received during the COVID -19 outbreak vacation
|